000
00341nam a2200145Ia 4500
008
150201s2006 xx 000 0 und d
082
_a
617.6
_b
D2006S
100
_a
SATHEESH KUMAR
245
_a
DENTAL PULSE
250
_a
1ST
260
_b
SAUNDERS
_a
HYDERABAD
_c
2006
300
_a
1-605
650
_a
GENERAL DENTISTRY
942
_2
ddc
_c
BK
_0
3
999
_c
3528
_d
3528